| 000 | 01246nam a22001577a 4500 | ||
|---|---|---|---|
| 999 |
_c520401 _d520401 |
||
| 008 | 220913b ||||| |||| 00| 0 eng d | ||
| 100 |
_aWise, Charles R. _934018 |
||
| 245 | _aAccountability in collaborative federal programs: Multidimensional and multilevel performance measures needed: The case of wildland fire prevention | ||
| 260 | _aAmerican Review of Public Administration | ||
| 300 | _a52(2), Feb, 2022: p.95-108 | ||
| 520 | _aCollaborative programs among Federal agencies, state and local agencies, and private sector organizations are often prescribed to address difficult interdisciplinary and intersectoral problems. Accountability for these efforts is difficult to achieve and has frequently proved elusive. This research explores the nature of the accountability dilemma in collaborative programs and analyzes and illustrates them in the context of wildland fire prevention in the United States. It suggests a multilevel–multimeasurement approach is key to achieving a fuller picture of accountability in collaborative networks. – Reproduced | ||
| 650 |
_aWhildhand free, Accountability, Collaboration. _932869 |
||
| 773 | _aAmerican Review of Public Administration | ||
| 906 | _aPUBLIC ADMINISTRATION | ||
| 942 | _cAR | ||